| 000 | 00989cam a2200277 a 4500 | ||
|---|---|---|---|
| 999 |
_c128533 _d128533 |
||
| 001 | 15234815 | ||
| 003 | ARRUPE | ||
| 005 | 20181109094951.0 | ||
| 008 | 080327s2007 rh ab b 000 0 eng | ||
| 010 | _a 2008315117 | ||
| 020 | _a9780797434431 | ||
| 040 |
_aDLC _cDLC _dDLC |
||
| 042 | _alcode | ||
| 043 | _aas----- | ||
| 050 | 0 | 0 |
_aHD9017.A2 _bF658 2007 |
| 100 |
_aMushita, Andrew T. _943330 |
||
| 245 | 0 | 0 |
_aFood security and the challenge of GMOs / _cAndrew T. Mushita ... [et. al]. |
| 260 |
_aHarare : _bSilveira House, _cc2007. |
||
| 300 |
_ax, 38 p. : _bill., maps ; _c21 cm. |
||
| 504 | _aIncludes bibliographical references. | ||
| 650 | 0 |
_aFood supply _zAfrica, Southern. _943331 |
|
| 650 | 0 |
_aGenetically modified foods. _943332 |
|
| 700 | 1 |
_aMushita, A. _943333 |
|
| 856 | 4 | 1 |
_3Table of contents only _uhttp://www.loc.gov/catdir/toc/fy0805/2008315117.html |
| 906 |
_a7 _bcbc _corigode _d3 _encip _f20 _gy-gencatlg |
||
| 942 |
_2lcc _cMONOGRAPH |
||